Statistics for Fill in the Blank Song Title #1

Click here to take the quiz!

General Stats

  • This quiz has been taken 48 times
  • The average score is 6 of 15

Answer Stats

ArtistSong% Correct
Adele{Rolling} in the Deep
91%
Ed Sheeran{Shape} of You
91%
Taylor SwiftBad {Blood}
58%
Lana Del ReyBorn To {Die}
53%
Ariana GrandeDangerous {Woman}
51%
Arctic MonkeysI {Wanna} Be Yours
49%
Imagine Dragons{Whatever} It Takes
49%
Billie Eilish{ocean} eyes
35%
Michael Jackson{Dirty} Diana
28%
The WeekndIn Your {Eyes}
28%
The NeighbourhoodDaddy {Issues}
16%
Fleetwood Mac{Little} Lies
16%
Don ToliverAfter {Party}
9%
Linkin Park{Bleed} It Out
7%
RadioheadHow to {Disappear} Completely
7%

Score Distribution

Percentile by Number Answered

Percent of People with Each Score

Your Score History

You have not taken this quiz